[Event "Berliner Sommer 06th"]
[Site "Berlin West"]
[Date "1988.??.??"]
[Round "6"]
[White "Smith Hansen, Mads"]
[Black "Horvath, Gyula"]
[Result "0-1"]
[WhiteElo "2245"]
[BlackElo "2445"]
[PlyCount "66"]
[EventDate "1988.08.06"]
[EventType "swiss"]
[EventRounds "9"]
[EventCountry "GER"]
[SourceTitle "TD"]
[Source "ChessBase"]
[SourceDate "1994.03.01"]
[SourceVersion "1"]
[SourceVersionDate "1994.03.01"]
[SourceQuality "1"]

1. e4 c5 2. Nf3 e6 3. d4 cxd4 4. Nxd4 Nc6 5. Nc3 Qc7 6. f4 a6 7. Be2 b5 8. Nxc6 Qxc6 9. Bf3 Bb7 10. e5 Qc7 11. Ne4 Rc8 12. 0-0 Nh6 13. Be3 Nf5 14. Bf2 d5 15. exd6 Bxd6 16. Nxd6+ Nxd6 17. Bxb7 Nxb7 18. f5 0-0 19. f6 Rfd8 20. Qg4 g6 21. Qh4 Nd6 22. c3 Nf5 23. Qh3 h5 24. Rad1 Qe5 25. Bb6 Rxd1 26. Rxd1 Qxf6 27. Qd3 Kg7 28. Re1 e5 29. Bf2 Rd8 30. Qe4 Rd2 31. b3 Rxa2 32. c4 bxc4 33. Qxc4 Rxf2 0-1